000 00517nam a2200157 a 4500
001 000038151
005 20201002031202.0
008 130319s2008 dr r 000 0 spa d
040 _aDO-SdBNP
_bspa
_cBNPHU
082 _axxxx
_bxxxx
245 0 0 _aPromoción del uso de las energías renovables /
_cedición Virgilio Alcántara.
260 _aSanto Domingo :
_bComisión Nacional de Energía (CNE),
_c2008.
300 _a591 p. ;
_c25 cm.
590 _aInventariado, 2019/BT
700 1 _aAlcántara, Virgilio,
_eed.
_96466
999 _c37641
_d37641